[Event "35 Masters 2012"]
[Site "Rennes"]
[Date "2012.04.08"]
[Round "3.9"]
[White "Le Marec, Laura"]
[Black "Henry, Solenne"]
[Result "1-0"]
[WhiteElo "1665"]
[BlackElo "1688"]
[PlyCount "66"]

1. d4 Nf6 2. c4 g6 3. Nc3 Bg7 4. e4 d6 5. Nf3 O-O 6. Bd3 e5 7. h3 Nc6 8. Be3
Nd7 9. d5 Ne7 $6 (9... Nd4) 10. b4 f5 11. Qb3 h6 $6 {Ce coup est peu être
inutile} (11... f4 {tout de suite semble meilleur}) 12. c5 f4 13. Bd2 Kh8 14.
cxd6 cxd6 15. Rc1 a6 16. a4 g5 17. Ke2 $2 {une perte de temps, il fallait
poursuivre l'attaque à l'aile-Dame par la poussée a4-a5} Ng8 $6 {Les Noirs ne
saisissent pas l'occasion} (17... b6 $1 {et l'aile-Dame est sous contrôle}) 18.
Rc2 Ngf6 19. a5 $1 {Enfin ! La case b6 est fixée.} g4 $2 ({Même si cela semble
horrible il fallait tenter} 19... b5 20. axb6 Nxb6) 20. Nh4 $1 Qe8 21. Nf5 (21.
hxg4 Nxg4 22. f3 Ne3 23. Bxe3 fxe3 24. Nd1 $1 {avec l'idée Nd1-e3 et
d'installer un des deux Cavaliers en f5}) 21... f3+ 22. gxf3 gxf3+ 23. Kf1 Qh5
24. Na4 $2 Ng4 $4 {perd en ligne} ({Les deux joueuses ont manqué une pointe
tactique} 24... Nxe4 25. Bxe4 Rxf5 26. Bxf5 Qxf5 {Pour la qualité les Noirs
ont des compensations}) 25. Ng3 Qg6 26. hxg4 Qxg4 27. Bxh6 Bxh6 28. Rxh6+ Kg7
29. Rxd6 Rh8 30. Nb6 Nxb6 31. Rxb6 Qh4 32. Ke1 Qh2 33. Rc7+ Kf8 1-0

[Event "35 Masters 2012"]
[Site "Rennes"]
[Date "2012.04.08"]
[Round "3.10"]
[White "Theon, Pierre"]
[Black "Durand-Le Ludec, Brendan-Bubok"]
[Result "1-0"]
[WhiteElo "2090"]
[BlackElo "1598"]
[PlyCount "69"]
[EventDate "2012.??.??"]

1. e4 c5 2. Nc3 e6 3. f4 a6 4. g3 b5 5. Bg2 Bb7 6. d3 g6 7. Nh3 Bg7 8. O-O Ne7
9. Be3 d6 10. Qd2 Nbc6 11. Rae1 Qc7 12. f5 gxf5 13. exf5 exf5 14. Nd5 Nxd5 15.
Bh6+ Be5 16. Bxd5 O-O-O 17. c3 Ne7 18. Bxb7+ Kxb7 19. d4 Bf6 20. Ng5 Ng8 $2 (
20... Bxg5 21. Bxg5 Rhe8) 21. Rxf5 Bxd4+ 22. cxd4 Nxh6 23. Rf6 Ng4 24. Rxf7 Rd7
25. Rxd7 Qxd7 26. dxc5 Qf5 27. Ne4 Ka8 28. Qxd6 Qc8 29. Qd5+ Ka7 30. Nd6 Qd7
31. c6 (31. Nc8+ Qxc8 32. Re7+ Kb8 33. Qd6+ Ka8 34. Qb6 Qxc5+ 35. Qxc5 Kb8 36.
Qa7+ Kc8 37. Qc7#) 31... Qg7 32. Qc5+ Ka8 33. c7 Nxh2 34. Qc6+ Ka7 35. Qb7# 1-0

[Event "35 Masters 2012"]
[Site "Rennes"]
[Date "2012.04.08"]
[Round "4.1"]
[White "Otmani, Kamel"]
[Black "Entem, Alan"]
[Result "0-1"]
[WhiteElo "2100"]
[BlackElo "2151"]
[PlyCount "50"]

1. d4 g6 2. c4 Bg7 3. e4 d6 4. Nc3 Nf6 5. f3 O-O 6. Bg5 h6 7. Be3 e5 8. d5 Kh7
9. Qd2 Ng8 10. Bd3 f5 11. O-O-O Ne7 12. Kb1 Nd7 13. Nge2 Nf6 14. exf5 Bxf5 15.
Ng3 Qd7 16. Nce4 c6 17. Nxf5 Nxf5 18. Nxf6+ Rxf6 19. Be4 c5 20. Bf2 Ne7 21. Bh4
Rff8 22. Bxe7 Qxe7 23. Qd3 Qf6 24. h4 Kh8 25. Bxg6 $4 e4 0-1

[Event "35 Masters 2012"]
[Site "Rennes"]
[Date "2012.04.08"]
[Round "4.2"]
[White "Lejarre, Ludovic"]
[Black "Minvielle, Vincent"]
[Result "1-0"]
[WhiteElo "2369"]
[BlackElo "1860"]
[PlyCount "75"]

1. e4 c5 2. Nf3 d6 3. c3 Nf6 4. h3 Bd7 5. Bd3 b5 6. O-O Qc8 7. Re1 e5 8. Bf1
Be7 9. d4 cxd4 10. cxd4 Nc6 11. Bxb5 exd4 12. Nxd4 O-O 13. Nc3 Nxd4 14. Bxd7
Qxd7 15. Qxd4 Qe6 16. Bg5 h6 17. Bf4 Rfc8 18. e5 Rc4 19. Qd3 Rxf4 20. exf6 Qxf6
21. Nd5 Qxb2 22. Nxf4 Bf6 23. Rab1 Qxa2 24. Qxd6 Kh7 25. Rb7 Rd8 26. Rd7 Rc8
27. Qd3+ Kg8 28. Nd5 Qa5 29. Nxf6+ gxf6 30. Ree7 Rc1+ 31. Kh2 Qg5 32. Re8+ Kg7
33. Rxf7+ Kxf7 34. Qd7+ Kg6 35. Rg8+ Kh5 36. Qg4+ Qxg4 37. hxg4+ Kh4 38. g3#
1-0

[Event "35 Masters 2012"]
[Site "Rennes"]
[Date "2012.04.08"]
[Round "4.3"]
[White "Le Goff, Damien"]
[Black "Geffroy, Leo"]
[Result "1-0"]
[WhiteElo "2277"]
[BlackElo "1964"]
[PlyCount "59"]

1. e4 c5 2. Nc3 Nc6 3. Bb5 g6 4. Bxc6 dxc6 5. d3 Bg7 6. Be3 b6 7. Qd2 Nf6 8.
Bh6 O-O 9. Nge2 e5 10. Bxg7 Kxg7 11. h4 Ba6 12. h5 Qd6 13. hxg6 fxg6 14. Qh6+
Kg8 15. O-O-O Rad8 16. f4 Rf7 17. Qg5 Re8 18. f5 Rg7 19. Rh6 Nd7 20. g4 Qe7 21.
Qxe7 Rexe7 22. Ng1 c4 23. dxc4 Bxc4 24. Nf3 gxf5 25. gxf5 Rg2 26. Rxc6 Be2 27.
Nxe2 Rxe2 28. Rc7 Rf2 29. Ng5 Rg2 30. Ne6 1-0

[Event "35 Masters 2012"]
[Site "Rennes"]
[Date "2012.04.08"]
[Round "4.4"]
[White "Aubry, Yannis"]
[Black "Louis, Corentin"]
[Result "1/2-1/2"]
[WhiteElo "2069"]
[BlackElo "1974"]
[PlyCount "43"]

1. d4 f5 2. e4 fxe4 3. Nc3 Nf6 4. Bg5 Nc6 5. d5 Ne5 6. Qd4 Nf7 7. Bxf6 exf6 8.
Nxe4 Be7 9. Bd3 O-O 10. Ne2 f5 11. N4g3 Bf6 12. Qa4 g6 13. c3 Ne5 14. Rd1 d6
15. O-O Bd7 16. Qb3 b6 17. Bb5 Qe8 18. Bxd7 Nxd7 19. Rfe1 Nc5 20. Qc2 Qa4 21.
Qb1 Rae8 22. b3 1/2-1/2

[Event "35 Masters 2012"]
[Site "Rennes"]
[Date "2012.04.08"]
[Round "4.5"]
[White "Maulana, Kahfi"]
[Black "Le Marec, Simon"]
[Result "1/2-1/2"]
[WhiteElo "1987"]
[BlackElo "2134"]
[PlyCount "92"]
[EventDate "2012.??.??"]

1. Nh3 e5 2. g3 Nc6 3. c3 h5 4. d4 d6 5. Bg2 h4 6. d5 Nce7 7. e4 Nf6 8. Bg5 c6
9. Nd2 cxd5 10. exd5 Bf5 11. Qb3 Qd7 12. Ng1 Neg8 13. Bf1 a6 14. Nc4 hxg3 15.
fxg3 b5 16. Nd2 Ne4 17. Ngf3 Nxg3 18. a4 b4 19. Qxb4 Nxh1 20. Nc4 Be7 21. Bxe7
Nxe7 22. Nxd6+ Kf8 23. Bg2 Rd8 24. Nxf5 Qxf5 25. Bxh1 e4 26. Nd4 Qxd5 27. O-O-O
Rxh2 $2 28. Bxe4 Qg5+ (28... Qxe4 29. Ne6+ fxe6 30. Rxd8+ Kf7 31. Qxe4) 29. Kb1
Kg8 30. Qb6 Nd5 31. Qb3 $2 Nf6 $2 (31... Ne3 $1) 32. Nf3 Qa5 33. Nxh2 Nxe4 34.
Rxd8+ Qxd8 35. Qc2 Qd5 36. Nf1 Nc5 37. Ne3 Qe5 38. Nc4 Qe1+ 39. Ka2 Qe6 40. b3
Nxa4 41. Qd3 Nc5 (41... Qe2+ 42. Qd2 Nxc3+ 43. Kb2 Qxd2+ 44. Nxd2 Nd5) 42. Qd8+
Kh7 43. Qh4+ Kg8 44. Qd8+ Kh7 45. Qh4+ Kg8 46. Qd8+ Kh7 1/2-1/2

[Event "35 Masters 2012"]
[Site "Rennes"]
[Date "2012.04.08"]
[Round "4.7"]
[White "Ruhlmann, Helene"]
[Black "Theon, Pierre"]
[Result "0-1"]
[WhiteElo "1736"]
[BlackElo "2090"]
[PlyCount "52"]

1. d4 Nf6 2. Nf3 e6 3. c4 Bb4+ 4. Nc3 Ne4 5. Qc2 f5 6. e3 O-O 7. Bd3 b6 8. Bxe4
fxe4 9. Qxe4 d5 10. Qd3 Ba6 11. b3 Nc6 12. Bb2 Na5 13. Nd2 dxc4 14. Nxc4 Qd5
15. e4 Bxc4 16. bxc4 Qxc4 17. Rd1 Qxa2 18. Rd2 Qc4 19. O-O Rad8 20. Qg3 Nb3 21.
Rd3 Nxd4 22. Rxd4 Rxd4 23. Ne2 Rd7 24. Qg4 Bc5 25. Rc1 Qb3 26. Rf1 Rxf2 0-1

[Event "35 Masters 2012"]
[Site "Rennes"]
[Date "2012.04.08"]
[Round "4.8"]
[White "Belouassa, Aurelien"]
[Black "Ferret-Leger, Gaspard"]
[Result "1-0"]
[WhiteElo "1749"]
[BlackElo "1811"]
[PlyCount "115"]

1. d4 d5 2. Nf3 Nf6 3. e3 c6 4. b3 Bg4 5. h3 Bxf3 6. Qxf3 e6 7. Bd3 Bd6 8. Bb2
Nbd7 9. Nd2 Qe7 10. O-O O-O 11. Qd1 e5 12. Re1 e4 13. Be2 Ne8 14. c4 f5 15. c5
Bc7 16. b4 f4 17. exf4 Bxf4 18. Nf1 Qf6 19. f3 Qg5 20. Bc1 Nc7 21. Bxf4 Qxf4
22. fxe4 dxe4 23. Bc4+ Kh8 24. Nd2 Qf2+ 25. Kh1 Qxd4 26. Rxe4 Qf6 27. Nf3 Rad8
28. Rd4 Nb8 29. Rxd8 Rxd8 30. Qe1 Re8 31. Qg1 Qc3 32. Qf1 Nd7 33. Rb1 h6 34.
Rb3 Qf6 35. a4 Ne5 36. Nxe5 Qxf1+ 37. Bxf1 Rxe5 38. Rf3 Re7 39. Rf8+ Kh7 40.
Bd3+ g6 41. Rf6 Rg7 42. b5 cxb5 43. axb5 Nd5 44. Rd6 Nb4 45. Bb1 a6 46. Rd4 a5
47. Rd6 h5 48. Rb6 Nd5 49. Rd6 Nb4 50. Be4 a4 51. Rd4 Na2 52. Rxa4 Nc3 53. Rb4
Re7 54. Bf3 Re5 55. c6 bxc6 56. Bxc6 Rc5 57. b6 Rxc6 58. b7 1-0

[Event "35 Masters 2012"]
[Site "Rennes"]
[Date "2012.04.08"]
[Round "4.9"]
[White "Huard, Herve"]
[Black "Le Marec, Laura"]
[Result "0-1"]
[WhiteElo "1821"]
[BlackElo "1665"]
[PlyCount "80"]

1. e4 e6 2. Nc3 d5 3. exd5 exd5 4. d4 Nc6 5. a3 Nge7 6. Nge2 Nf5 7. Bf4 a6 8.
Qd2 Be7 9. Nd1 Bf6 10. c3 Na5 11. Qc2 Nc4 12. Ng3 Qe7+ 13. Be2 Nxg3 14. hxg3 g6
15. O-O Bf5 16. Bd3 Bxd3 17. Qxd3 O-O-O 18. a4 h5 19. a5 Bg5 20. Bxg5 Qxg5 21.
f4 Qe7 22. b3 Nd6 23. Nf2 Rde8 24. Nd1 h4 25. g4 Qe4 26. Qd2 h3 27. Nb2 hxg2
28. Qxg2 Qxg2+ 29. Kxg2 Re2+ 30. Kf3 Rxb2 31. f5 gxf5 32. gxf5 Rxb3 33. Kg4
Rxc3 34. f6 Rg8+ 35. Kh4 Rcg3 36. Rf4 Ne4 37. Rf5 Rh8+ 38. Rh5 Rxh5+ 39. Kxh5
Nxf6+ 40. Kh6 Rg6# 0-1

[Event "35 Masters 2012"]
[Site "Rennes"]
[Date "2012.04.08"]
[Round "4.10"]
[White "Henry, Solenne"]
[Black "Durand-Le Ludec, Brendan-Bubok"]
[Result "1-0"]
[WhiteElo "1688"]
[BlackElo "1598"]
[PlyCount "61"]

1. e4 c5 2. c3 e6 3. Nf3 Nc6 4. d4 d5 5. exd5 exd5 6. Bd3 Bd6 7. O-O Nge7 8.
dxc5 Bxc5 9. Nbd2 O-O 10. Nb3 Bb6 11. Nbd4 Ng6 12. Be3 Bc7 13. Qc2 Re8 14. Rad1
Nge5 15. Nxe5 Bxe5 16. g3 Qf6 17. f4 Bb8 18. Rfe1 Bg4 19. Be2 Bxe2 20. Rxe2 Ne7
21. Bf2 a6 22. Qb3 Kf8 23. Qxb7 Ra7 24. Qb3 Rd7 25. Rde1 Rdd8 26. Qa4 Qd6 27.
Nf5 Qd7 28. Qxd7 Rxd7 29. Nxe7 Rexe7 30. Bc5 Bd6 31. Bxd6 1-0

[Event "35 Masters 2012"]
[Site "Rennes"]
[Date "2012.04.09"]
[Round "5.1"]
[White "Entem, Alan"]
[Black "Lejarre, Ludovic"]
[Result "1/2-1/2"]
[WhiteElo "2151"]
[BlackElo "2369"]
[PlyCount "39"]
[EventDate "2012.??.??"]

1. e4 e5 2. Nf3 Nc6 3. Bc4 Nf6 4. d4 exd4 5. O-O Nxe4 {Ludovic décide de
répéter sa partie de la veille, contre Damien Le Goff. Cette variante conduit
à une nulle quasi forcée.} (5... Bc5 6. e5 d5 {est la ligne principale.
Cependant, les Blancs ont dernièrement trouvé de belles améliorations sur
cette ligne et les Noirs ont des difficultés à tenir sur cette variante.}) 6.
Re1 d5 7. Bxd5 Qxd5 8. Nc3 Qh5 9. Nxe4 Be6 10. Bg5 Bd6 11. Nxd6+ cxd6 12. Bf4
Qd5 13. c3 O-O 14. Nxd4 Nxd4 15. Qxd4 Qxd4 16. cxd4 d5 17. Rac1 Rac8 {Un coup
non dénué d'humour. Ludovic avait choisi Rfc8 contre Damien ! Le résultat
reste le même: la finale de Fous de couleurs opposées est inévitable.} 18. Rxc8
Rxc8 19. Rc1 Rxc1+ 20. Bxc1 1/2-1/2

[Event "35 Masters 2012"]
[Site "Rennes"]
[Date "2012.04.09"]
[Round "5.2"]
[White "Louis, Corentin"]
[Black "Le Goff, Damien"]
[Result "0-1"]
[WhiteElo "1974"]
[BlackElo "2277"]
[PlyCount "58"]

1. e4 e6 2. d4 d5 3. Nc3 Bb4 4. Nge2 Nc6 5. a3 Ba5 6. e5 f6 7. exf6 Qxf6 8. Be3
Nh6 9. Qd2 O-O 10. O-O-O Nf5 11. g4 Nd6 12. Qd3 a6 13. Bg2 Ne7 14. h4 Bd7 15.
Rde1 Qf7 16. Kb1 b5 17. Bg5 Nc6 18. Nf4 Bxc3 $5 19. bxc3 $6 (19. Qxc3 b4 20.
axb4 a5 {est égale.} 21. b5 Nxb5) 19... Nc4 {Les Noirs prennent l'initiative}
20. h5 h6 21. Ng6 Nxa3+ 22. Ka2 Nc4 23. Bc1 $6 (23. Rh3) 23... b4 $1 24. g5
bxc3 25. Qxc3 Rfb8 26. gxh6 Rb4 27. Be3 Rab8 28. h7+ Kxh7 29. h6 Ra4+ (29...
Ra4+ 30. Qa3 Rxa3#) 0-1

[Event "35 Masters 2012"]
[Site "Rennes"]
[Date "2012.04.09"]
[Round "5.3"]
[White "Maulana, Kahfi"]
[Black "Otmani, Kamel"]
[Result "1/2-1/2"]
[WhiteElo "1987"]
[BlackElo "2100"]
[PlyCount "42"]

1. e4 d5 2. exd5 Qxd5 3. Nc3 Qa5 4. Bc4 Nf6 5. d4 Bf5 6. Nf3 e6 7. O-O Bb4 8.
Bd2 c6 9. a3 Bxc3 10. Bxc3 Qc7 11. Bd3 Bg4 12. h3 Bh5 13. Be2 Ne4 14. Bd2 Nd7
15. Ng5 Bxe2 16. Qxe2 Nxd2 17. Qxd2 Nf6 18. Rfe1 O-O-O 19. Ne4 Nxe4 20. Rxe4
Kb8 21. Rae1 h6 1/2-1/2

[Event "35 Masters 2012"]
[Site "Rennes"]
[Date "2012.04.09"]
[Round "5.4"]
[White "Theon, Pierre"]
[Black "Aubry, Yannis"]
[Result "1-0"]
[WhiteElo "2090"]
[BlackElo "2069"]
[PlyCount "63"]

1. e4 e6 2. Nf3 d5 3. Nc3 d4 4. Ne2 c5 5. d3 Nc6 6. g3 Bd6 7. Bg2 Nge7 8. Nd2
e5 9. Nc4 b5 10. Nxd6+ Qxd6 11. a4 Ba6 12. O-O O-O 13. f4 f6 14. f5 c4 15. g4
g5 16. h4 h6 17. Rf3 bxa4 18. b3 cxd3 19. cxd3 Rfb8 20. hxg5 hxg5 21. Ba3 Nb4
22. bxa4 Bc8 23. Qb3+ Kg7 24. Rh3 Bd7 25. Rh7+ Kxh7 26. Qf7+ Kh6 27. Kf2 Nxd3+
28. Kg3 Nc1 29. Bxd6 Rb3+ 30. Kh2 Nxe2 31. Bxe7 Nf4 32. Bxf6 1-0

[Event "35 Masters 2012"]
[Site "Rennes"]
[Date "2012.04.09"]
[Round "5.5"]
[White "Minvielle, Vincent"]
[Black "Le Marec, Simon"]
[Result "0-1"]
[WhiteElo "1860"]
[BlackElo "2134"]
[PlyCount "130"]

1. e4 e6 2. d4 d5 3. Bd3 dxe4 4. Bxe4 c5 5. Ne2 cxd4 6. Qxd4 Qxd4 7. Nxd4 a6 8.
Nb3 e5 9. Be3 Nf6 10. Bf3 e4 11. Bd1 Nc6 12. N1d2 Bf5 13. h3 h6 14. c3 Be7 15.
Bc2 O-O 16. O-O-O Bg6 17. Rhe1 Rfe8 18. Nc5 Bxc5 19. Bxc5 Ne5 20. Bd4 Nd3+ 21.
Bxd3 exd3 22. Nc4 Re2 23. Rxe2 dxe2 24. Re1 Bd3 25. Ne5 Bb5 26. c4 Bxc4 27.
Nxc4 Rc8 28. Bxf6 gxf6 29. Rxe2 Rxc4+ 30. Kd2 {(=)} Kg7 31. b3 Rd4+ 32. Ke3 Rd1
33. Rd2 Ra1 34. Kf4 Kg6 35. g4 {(=)} Rh1 36. Kg3 Rc1 37. Re2 b5 38. h4 f5 39.
h5+ Kg5 40. f3 fxg4 41. f4+ Kxh5 42. Rh2+ Kg6 43. Kxg4 h5+ 44. Kh4 Rg1 45. f5+
Kh6 46. Rd2 Rg4+ 47. Kh3 Kg5 48. f6 Rf4 49. Rd5+ Rf5 50. Rd6 Rf3+ 51. Kg2 Rxf6
52. Rd5+ Rf5 53. Rd6 a5 54. a3 Re5 55. Ra6 b4 56. axb4 axb4 57. Rb6 Re4 58. Kf3
Rf4+ 59. Kg3 h4+ 60. Kg2 Rd4 61. Rb5+ f5 62. Rb8 Kf4 63. Rh8 Ke3 64. Rh5 Rf4
65. Kh3 Kd3 0-1

[Event "35 Masters 2012"]
[Site "Rennes"]
[Date "2012.04.09"]
[Round "5.6"]
[White "Jouneau, Quentin"]
[Black "Belouassa, Aurelien"]
[Result "1-0"]
[WhiteElo "2006"]
[BlackElo "1749"]
[PlyCount "80"]

1. e4 c5 2. Nf3 a6 3. d4 cxd4 4. Nxd4 Nf6 5. Nc3 e5 6. Nde2 Bb4 7. a3 Be7 8. h3
b5 9. g4 Bb7 10. Bg2 h6 11. Be3 d6 12. Ng3 Nbd7 13. Nf5 Nc5 14. Nxg7+ Kf8 15.
Nf5 Ncxe4 16. Nxe4 Bxe4 17. Bxe4 Nxe4 18. Bxh6+ Kg8 19. Nxe7+ Qxe7 20. Qd5 Rd8
21. Qxe4 Rxh6 22. O-O-O Qg5+ 23. Kb1 Rf6 24. h4 Qf4 25. Qb7 Qxf2 26. g5 Rf4 27.
b3 e4 28. h5 e3 29. g6 e2 30. Rdg1 Qxg1+ 31. Rxg1 Rf1+ 32. Ka2 Rf8 33. gxf7+
Kh8 34. Qg2 Rxg1 35. Qxg1 Rxf7 36. Qe3 Kg8 37. Qxe2 Kf8 38. h6 Rh7 39. Qe6 a5
40. Qxd6+ Kg8 1-0

[Event "35 Masters 2012"]
[Site "Rennes"]
[Date "2012.04.09"]
[Round "5.7"]
[White "Geffroy, Leo"]
[Black "Le Marec, Laura"]
[Result "1-0"]
[WhiteElo "1964"]
[BlackElo "1665"]
[PlyCount "61"]
[EventDate "2012.??.??"]

1. e4 e6 2. d4 d5 3. exd5 exd5 4. Bd3 Nc6 5. Ne2 Bd6 6. Nbc3 Qh4 $2 (6... Nge7)
7. Nxd5 Nxd4 $4 8. Nxd4 c6 (8... Qxd4 9. Bb5+) 9. Qe2+ Kf8 10. Nf3 Qd8 11. Nc3
Qc7 12. Ne4 Bg4 13. h3 Bxf3 14. Qxf3 Re8 15. O-O h6 16. Nxd6 Qxd6 17. Bf4 Qf6
18. Qg3 Re6 19. Bc4 Re4 20. Bd6+ Ne7 21. Rae1 Qd4 22. Qf3 Qxc4 23. Rxe4 Qd5 24.
Bxe7+ Ke8 25. Bc5+ Kd7 26. b4 Rh7 27. Rfe1 Qg5 28. Qh5 (28. Re8) 28... Qxh5 29.
Re7+ Kd8 30. Re8+ Kd7 31. R1e7# {Mat !} 1-0

[Event "35 Masters 2012"]
[Site "Rennes"]
[Date "2012.04.09"]
[Round "5.8"]
[White "Henry, Solenne"]
[Black "Charpentier, Maxime"]
[Result "0-1"]
[WhiteElo "1688"]
[BlackElo "1814"]
[PlyCount "74"]

1. e4 d5 2. exd5 Nf6 3. d4 Nxd5 4. c4 Nb6 5. Nc3 Nc6 6. d5 Nb8 7. c5 N6d7 8.
Qa4 c6 9. Be3 cxd5 10. Nxd5 e6 11. Nb6 axb6 12. Qxa8 bxc5 13. Qa4 Qf6 14. Qc2
Nc6 15. Nf3 Nb4 16. Qd2 Qg6 17. Rc1 Nxa2 18. Nh4 Qe4 19. Rc4 Qb1+ 20. Qd1 Qxb2
21. Bd4 Qa3 22. Ra4 Qc1 23. Rxa2 Qxd1+ 24. Kxd1 cxd4 25. Bb5 Be7 26. Nf3 O-O
27. Bxd7 Bxd7 28. Nxd4 Bc5 29. Rd2 Rd8 30. Nb3 Be7 31. Ke2 Bb5+ 32. Ke3 Rxd2
33. Kxd2 e5 34. Ra1 f6 35. Ra7 Bb4+ 36. Kc2 Bc6 37. f3 e4 {Time} 0-1

[Event "35 Masters 2012"]
[Site "Rennes"]
[Date "2012.04.09"]
[Round "5.9"]
[White "Ferret-Leger, Gaspard"]
[Black "Ruhlmann, Helene"]
[Result "0-1"]
[WhiteElo "1811"]
[BlackElo "1736"]
[PlyCount "70"]

1. c4 e5 2. Nc3 Nf6 3. Nf3 Nc6 4. g3 d5 5. cxd5 Nxd5 6. Bg2 Nb6 7. O-O Be7 8.
d3 O-O 9. a3 a5 10. Nb5 Be6 11. Qc2 a4 12. Be3 Bb3 13. Qc1 Ra5 14. Nc3 Nd4 15.
Bxd4 exd4 16. Ne4 c6 17. Qe1 Ra8 18. Rc1 Nc8 19. Nc5 Bd5 20. Bh3 b6 21. Nd7 Re8
22. Nxd4 c5 23. Nc2 Bd6 24. f4 f6 25. Qd2 Bc6 26. Nxf6+ Qxf6 27. Ne3 Bc7 28.
Ng4 Qe7 29. e4 Nd6 30. e5 Nf5 31. Nf2 Nd4 32. Qe3 Nf3+ 33. Kh1 Nd2+ 34. Kg1
Nxf1 35. Rxf1 Bb7 0-1

[Event "35 Masters 2012"]
[Site "Rennes"]
[Date "2012.04.09"]
[Round "5.10"]
[White "Durand-Le Ludec, Brendan-Bubok"]
[Black "Huard, Herve"]
[Result "1-0"]
[WhiteElo "1598"]
[BlackElo "1821"]
[PlyCount "67"]

1. e4 c5 2. Nf3 Nc6 3. d4 cxd4 4. Nxd4 Nf6 5. Nc3 e6 6. Ndb5 d6 7. Bf4 e5 8.
Bg5 h6 9. Bxf6 gxf6 10. Nd5 Be6 11. Nbc7+ Kd7 12. Nxa8 Qxa8 13. Nxf6+ Ke7 14.
Nd5+ Kd8 15. c3 Rg8 16. Qf3 Qc8 17. Ne3 Ne7 18. Bd3 Ng6 19. g3 Qc6 20. Rd1 Ne7
21. Qe2 Rg7 22. O-O Ng6 23. Kh1 Bh3 24. Rg1 f5 25. f3 f4 26. Nd5 Rf7 27. Bb5
Qc8 28. c4 a6 29. Ba4 Qe6 30. c5 fxg3 31. Rxg3 Nf4 32. Qd2 Nh5 33. Rg8 Kc8 34.
Qa5 1-0

[Event "35 Masters 2012"]
[Site "Rennes"]
[Date "2012.04.09"]
[Round "6.1"]
[White "Lejarre, Ludovic"]
[Black "Le Goff, Damien"]
[Result "1/2-1/2"]
[WhiteElo "2369"]
[BlackElo "2277"]
[PlyCount "43"]

1. e4 e6 2. d3 d5 3. Nd2 Nf6 4. Ngf3 b6 5. c3 Be7 6. Qa4+ c6 7. e5 Nfd7 8. d4
Qc7 9. Bd3 c5 10. O-O Nc6 11. Re1 c4 12. Bb1 g5 13. h3 h5 14. Nf1 g4 15. hxg4
hxg4 16. N3h2 f5 17. exf6 Nxf6 18. Bf4 Bd6 19. Bxd6 Qxd6 20. Qc2 Rg8 21. Qd2
Bd7 22. Qh6 1/2-1/2

[Event "35 Masters 2012"]
[Site "Rennes"]
[Date "2012.04.09"]
[Round "6.2"]
[White "Entem, Alan"]
[Black "Maulana, Kahfi"]
[Result "1/2-1/2"]
[WhiteElo "2151"]
[BlackElo "1987"]
[PlyCount "59"]

1. e4 e5 2. Nf3 Nc6 3. Bc4 Nf6 4. d4 exd4 5. O-O Nxe4 6. Re1 d5 7. Bxd5 Qxd5 8.
Nc3 Qh5 9. Nxe4 Be6 10. Bg5 Be7 11. Bxe7 Kxe7 12. Neg5 Rhe8 13. Nxe6 fxe6 14.
Nxd4 Qxd1 15. Nxc6+ bxc6 16. Raxd1 Rad8 17. Kf1 Kf6 18. Ke2 Rd5 19. c4 Re5+ 20.
Kf1 Ra5 21. a3 Rb8 22. Rd2 e5 23. Re4 g5 24. f3 Rb3 25. Ke2 Ra6 26. Kd1 Rab6
27. Kc1 c5 28. Rde2 Re6 29. Kc2 Reb6 30. Kc1 1/2-1/2

[Event "35 Masters 2012"]
[Site "Rennes"]
[Date "2012.04.09"]
[Round "6.3"]
[White "Le Marec, Simon"]
[Black "Theon, Pierre"]
[Result "1-0"]
[WhiteElo "2134"]
[BlackElo "2090"]
[PlyCount "59"]

1. e4 c5 2. Nf3 g6 3. d4 cxd4 4. Nxd4 Nc6 5. Nc3 Bg7 6. Nb3 Nf6 7. Be2 d6 8.
O-O O-O 9. Be3 Be6 10. f4 Qc8 11. h3 Rd8 12. Bf3 Bc4 13. Rf2 e5 14. Rd2 exf4
15. Bxf4 Ne5 16. Be2 Bxe2 17. Rxe2 Nc4 18. Nd5 Nxd5 19. Qxd5 Nxb2 20. Bg5 Rd7
21. Rf1 Qc4 22. Qd2 Re8 23. Bf6 Bxf6 24. Rxf6 Rxe4 25. Rxe4 Qxe4 26. Nc5 dxc5
27. Qxd7 Qe1+ 28. Rf1 Qe3+ 29. Kh1 f5 30. Qc8+ 1-0

[Event "35 Masters 2012"]
[Site "Rennes"]
[Date "2012.04.09"]
[Round "6.4"]
[White "Otmani, Kamel"]
[Black "Jouneau, Quentin"]
[Result "0-1"]
[WhiteElo "2100"]
[BlackElo "2006"]
[PlyCount "82"]

1. d4 Nf6 2. c4 c5 3. d5 e6 4. Nc3 exd5 5. cxd5 Bd6 6. Bg5 O-O 7. Nf3 Bc7 8. e3
d6 9. Nd2 Ba5 10. Nde4 Nbd7 11. Bd3 Bxc3+ 12. Nxc3 a6 13. a4 Re8 14. O-O Qc7
15. e4 b6 16. Qd2 c4 17. Bc2 Rb8 18. f3 Kh8 19. Be3 Nc5 20. Bd4 Nfd7 21. f4 f6
22. Qe2 f5 23. Qh5 Re7 24. exf5 Nf6 25. Bxf6 gxf6 26. Qh6 Rf7 27. Rfe1 Bd7 28.
Re3 b5 29. axb5 axb5 30. Rae1 Qa7 31. Kh1 b4 32. Re7 Rbf8 33. Nb5 Qb6 34. Nd4
$2 (34. Rxf7 $1 Rxf7 35. Re7 $3) 34... Nd3 (34... Kg8) 35. Bxd3 Qxd4 36. Rxd7
Qf2 37. Ra1 $2 (37. Ree7) 37... Rg8 38. Bf1 Rxd7 39. Qxf6+ Rdg7 40. Qxd6 $2 (
40. g3) 40... Rxg2 41. Qf6+ R2g7 0-1

[Event "35 Masters 2012"]
[Site "Rennes"]
[Date "2012.04.09"]
[Round "6.5"]
[White "Aubry, Yannis"]
[Black "Geffroy, Leo"]
[Result "1-0"]
[WhiteElo "2069"]
[BlackElo "1964"]
[PlyCount "93"]

1. e4 c5 2. Nf3 Nc6 3. Nc3 Nf6 4. e5 Ng4 5. Qe2 g6 6. h3 Nh6 7. Ne4 Bg7 8. Nxc5
Qc7 9. Nd3 d6 10. exd6 Qxd6 11. c3 O-O 12. b3 e5 13. Nb2 Re8 14. Nc4 Qd8 15.
Bb2 e4 16. Ng1 b5 17. Ne3 Rb8 18. O-O-O f5 19. d4 a5 20. f4 exf3 21. Qxf3 Qg5
22. Qxc6 Qxe3+ 23. Kb1 Bb7 24. Qc5 Be4+ 25. Ka1 Bc2 26. Rc1 Qf2 27. Bxb5 Re1
28. Ne2 Rxe2 29. Qc4+ Nf7 30. Qxe2 Qxe2 31. Bxe2 Be4 32. Bf3 Ng5 33. Bxe4 Nxe4
34. Rhd1 a4 35. b4 h5 36. a3 g5 37. c4 g4 38. hxg4 hxg4 39. d5 Bh6 40. Rc2 f4
41. c5 f3 42. gxf3 gxf3 43. Rg1+ Kf7 44. Rf1 f2 45. Re2 Re8 46. Rexf2+ Nxf2 47.
Rxf2+ 1-0

[Event "35 Masters 2012"]
[Site "Rennes"]
[Date "2012.04.09"]
[Round "6.6"]
[White "Charpentier, Maxime"]
[Black "Louis, Corentin"]
[Result "0-1"]
[WhiteElo "1814"]
[BlackElo "1974"]
[PlyCount "72"]

1. e4 Nf6 2. Nc3 e5 3. f4 d5 4. fxe5 Nxe4 5. Nf3 Be7 6. d4 c5 7. Bb5+ Nc6 8.
O-O O-O 9. Qe1 f5 10. Be3 Qb6 11. a4 Be6 12. Rd1 a6 13. Bxc6 bxc6 14. b3 f4 15.
Bc1 cxd4 16. Nxe4 dxe4 17. Nxd4 Bg4 18. Rd2 e3 19. Rd3 Bc5 20. c3 Rad8 21. Bb2
Bf5 22. Rd1 Bc2 23. b4 Bxd1 24. a5 Qb7 25. Qxd1 Bxd4 26. Qb3+ Kh8 27. cxd4 c5
28. dxc5 Rd2 29. Rf3 Rfd8 30. Bc3 Rd1+ 31. Rf1 e2 32. Re1 Qe4 33. e6 Qe3+ 34.
Kh1 Qf2 35. Bxg7+ Kxg7 36. Qc3+ Qd4 0-1

[Event "35 Masters 2012"]
[Site "Rennes"]
[Date "2012.04.09"]
[Round "6.7"]
[White "Minvielle, Vincent"]
[Black "Henry, Solenne"]
[Result "0-1"]
[WhiteElo "1860"]
[BlackElo "1688"]
[PlyCount "96"]

1. e4 e6 2. d4 d5 3. Bd3 dxe4 4. Bxe4 Nf6 5. Bf3 c5 6. Ne2 cxd4 7. Qxd4 Qxd4 8.
Nxd4 a6 9. O-O Nbd7 10. Na3 Bxa3 11. bxa3 Ne5 12. Be2 Bd7 13. Rb1 Nc6 14. Nb3
b6 15. Bf3 Rc8 16. Be3 Ne5 17. Bb7 Rxc2 18. Bxa6 O-O 19. Bxb6 Ra8 20. Nd4 Rd2
21. Bb5 Rxa3 22. Bxd7 Nexd7 23. Nf3 Rdxa2 24. Bd4 h6 25. Rb7 Ra4 26. h3 Rc4 27.
Bxf6 Nxf6 28. Ne5 Re4 29. Rb8+ Kh7 30. Nxf7 Rd2 31. f4 Ree2 32. Rh8+ Kg6 33.
Ne5+ Kf5 34. g4+ Ke4 35. Nf3 Rg2+ 36. Kh1 Rdf2 37. Rxf2 Rxf2 38. g5 Kxf3 39.
gxf6 gxf6 40. Rxh6 Kxf4 41. Rxf6+ Kg3 42. Rxf2 Kxf2 43. h4 e5 44. h5 e4 45. h6
e3 46. h7 e2 47. h8=Q e1=Q+ 48. Kh2 Qg1+ (48... Qg1+ 49. Kh3 Qg3#) 0-1